000 00663nam a2200229Ia 4500
003 OSt
005 20220928141833.0
006 a|||||r|||| 00| 0
007 ta
008 220927b |||||||| |||| 00| 0 eng d
024 _a18004
037 _cTextual
040 _aSDCL
_cSDCL
_beng
041 _2eng
_aeng
082 _aW:19(Zc)v, L4
100 _aElliott-Bateman Michael
_9502434
245 0 _aRevolt to revolution
_b Studies in the 19th and 20th century European experience
260 _c1974
700 _a Ellis John
_9398905
942 _hW:19(Zc)v, L4
_cTEXL
_2CC
999 _c820278
_d820278